Člověk v životních situacích

Gespeichert in:
Bibliographische Detailangaben
1. Verfasser: Hlavsa, Jaroslav
Weitere Verfasser: Langová, Marta, Všetečka, Jiří
Format: Buch
Sprache:Tschechisch
Veröffentlicht: Praha Academia 1987
Ausgabe:1. vyd.
Tags: Tag hinzufügen
Keine Tags, Fügen Sie das erste Tag hinzu!

MARC

LEADER 00000nam a2200000 4500
001 c023214
005 20221206140026.3
041 0 |a cze 
044 |a CZ 
245 1 0 |a Člověk v životních situacích  |c Jaroslav Hlavsa, Marta Langová, Jiří Všetečka 
250 |a 1. vyd. 
264 1 |a Praha  |b Academia  |c 1987 
300 |a 205 s. 
100 1 |a Hlavsa, Jaroslav 
700 1 |a Langová, Marta 
700 1 |a Všetečka, Jiří